000 00594nmm a2200169Ia 4500
008 251105s9999||||xx |||||||||||||||||und||
020 _a9789587385496
041 _aspa
100 _aAriza Martínez, Juan Sebastián
245 0 _aLa cocina de los venenos : Aspectos de la criminalidad en el Nuevo Reino de Granada, siglos XVII y XVIII
264 _a[Bogotá, Colombia] :
_bUniversidad del Rosario,
_c2015
300 _a187 páginas
490 _aÓpera Prima
650 _aHistory of the Americas: Latin America
856 _uhttps://public.digitaliapublishing.com/a/46511
942 _cCF
999 _c95808
_d95808